| 000 | 00807cam a22002417a 4500 | ||
|---|---|---|---|
| 001 | 000009584 | ||
| 005 | 20200929161631.0 | ||
| 008 | 850828s1984 ec a 000 0 spa | ||
| 010 | _a85841716 | ||
| 020 | _cS/99.00 | ||
| 040 |
_aDO-SdBNP _cDLC _dBNPHU |
||
| 082 |
_aE863.44 _bT628t |
||
| 100 | 1 |
_aTobar, Carlos R. _q(Carlos Rodolfo), _d1854-1920. _924422 |
|
| 245 | 1 | 0 |
_aTimoleon Coloma / _cCarlos R. Tobar. |
| 260 |
_aQuito, Ecuador : _bEl Conejo : _bDistribución en el Ecuador y en otros paises, Munoz Hnos., _c1984. |
||
| 300 |
_a136 p. : _bill. ; _c21 cm. |
||
| 490 | 0 |
_aJoyas literarias _v9 _aNovelas breves del Ecuador |
|
| 650 | 4 |
_aNovela ecuatoriana _95017 |
|
| 650 | 4 |
_aLiteratura ecuatoriana _93938 |
|
| 830 | 0 |
_aJoyas literarias ; _v9 _924423 |
|
| 910 | _aCatalogación derivada | ||
| 049 | _aBNGR | ||
| 999 |
_c9344 _d9344 |
||